000 00352nam a2200145 a 4500
003 MO
005 20170315102954.0
008 100915s19uu xx 00 eng d
050 _aTR
_bP27 1990
100 _aPaterson, Katherine
245 _aJacob have I loved.
260 _aNew York :
_bHarperCollins,
_c1990.
942 _2ddc
_cBK
999 _c110855
_d110855